| 000 | 01348cam a2200337 4500 | ||
|---|---|---|---|
| 999 |
_c328412 _d328412 |
||
| 001 | 878163 | ||
| 003 | Nust | ||
| 005 | 20170406142846.0 | ||
| 008 | 700105s1969 enk 001 0 eng | ||
| 010 | _a 79434025 | ||
| 015 | _aB69-20453 | ||
| 020 | _a0421127007 | ||
| 040 |
_aDLC _cDLC _dDLC |
||
| 050 | 0 | 0 | _b.M39 1969 |
| 082 | 0 | 0 | _a346.1 LAN |
| 100 | 1 |
_aLangan, P. St. J. _q(Peter St. John) |
|
| 245 | 1 | 0 | _aMaxwell on the interpretation of statutes. |
| 250 |
_a12th ed., _bby P. St. J. Langan. |
||
| 260 |
_aLondon, _bSweet & Maxwell, _c1969. |
||
| 300 |
_axci, 391 p. _c23 cm. |
||
| 350 | _a78/- | ||
| 500 | _aAppendix (p. 347-375): Interpretation act 1889. Interpretation measure 1925. Statutory instruments act 1946. | ||
| 650 | 0 |
_aLaw _zGreat Britain _xInterpretation and construction. |
|
| 700 | 1 |
_aMaxwell, Peter Benson, _cSir, _d1817-1893. _tOn the interpretation of statutes. |
|
| 710 | 1 | 2 |
_aGreat Britain. _kLaws, statutes, etc. _tInterpretation act 1889. 1969 |
| 710 | 1 | 2 |
_aGreat Britain. _kLaws, statutes, etc. _tInterpretation measure 1925. 1969 |
| 710 | 1 | 2 |
_aGreat Britain. _kLaws, statutes, etc. _tStatutory instruments act 1946. 1969 |
| 740 | 0 | _aOn the interpretation of statutes. | |
| 906 |
_a7 _bcbc _corignew _du _encip _f19 _gy-gencatlg |
||
| 942 |
_2ddc _cBK _k346.1 LAN |
||